| 000 | 00763nam a2200205 i 4500 | ||
|---|---|---|---|
| 001 | 125554 | ||
| 003 | ES-MaACL | ||
| 005 | 20250624191801.0 | ||
| 007 | t| | ||
| 008 | 070619s1857 sp ||||1| spa d | ||
| 100 | 1 |
_aSantisteban, Mariano. _9103433 |
|
| 245 | 1 | 0 |
_aAnotaciones sin comentarios al "Manual de Física aplicada á la Agricultura y á la Industria" publicado por D. Juan Chavarri / _cMariano Santisteban y Lafuente. |
| 260 |
_a[Madrid : _bs.n.], _c1857 ( _fAguado) |
||
| 300 |
_a20 p. ; _c21 cm. |
||
| 594 | _aAutor (p. 20): Mariano Santisteban y Lafuente. | ||
| 600 | 1 | 4 |
_aChávarri, Juan. _tManual de Física, aplicada á la agricultura y á la industria. _9156660 |
| 852 |
_aES-MaACL _jT-560-F-3 |
||
| 942 | _2udc | ||
| 999 |
_c125554 _d125554 |
||